[Event "Vlissingen HZ op 24th"]
[Site "Vlissingen"]
[Date "2022.08.09"]
[Round "5"]
[White "Pham, Khoi"]
[Black "Zevenhuizen, Daniel"]
[Result "1-0"]
[WhiteElo "2376"]
[BlackElo "2168"]
[PlyCount "95"]
[EventDate "2022.08.06"]
[EventType "swiss"]
[EventRounds "9"]
[EventCountry "NED"]
[SourceTitle "CBM 209 Extra"]
[Source "ChessBase"]
[SourceDate "2022.09.30"]
[SourceVersion "1"]
[SourceVersionDate "2022.09.30"]
[SourceQuality "1"]

1. e4 d6 2. d4 Nf6 3. Nc3 g6 4. Bg5 Bg7 5. Qd2 0-0 6. 0-0-0 c6 7. h4 b5 8. f3 Nbd7 9. h5 e5 10. hxg6 fxg6 11. dxe5 Nxe5 12. Qxd6 Qxd6 13. Rxd6 b4 14. Bxf6 Bxf6 15. Na4 Be7 16. Rd1 Be6 17. b3 Rad8 18. Bd3 c5 19. Nb2 a5 20. Ne2 a4 21. Nc4 Nxd3+ 22. Rxd3 axb3 23. axb3 Ra8 24. Kd2 Ra2 25. g3 Rb8 26. Nc1 Ra1 27. Rd1 Kg7 28. Ke3 h5 29. Ne2 Ra2 30. R1d2 h4 31. gxh4 Bxh4 32. f4 Re8 33. Kf3 Ra7 34. Rd6 Rae7 35. Ne5 g5 36. Nc6 g4+ 37. Kg2 Rc7 38. f5 Bc8 39. Rg6+ Kf7 40. Rxg4 Bf6 41. Na5 Rg8 42. Rxg8 Kxg8 43. Kf3 Rh7 44. Nf4 Kf7 45. Nc4 Be7 46. Nd6+ Bxd6 47. Rxd6 Rh2 48. Rc6 1-0

[Event "Dublin Bolger Cup"]
[Site "Dublin"]
[Date "2022.03.26"]
[Round "3"]
[White "Turner, Matthew"]
[Black "Zevenhuizen, Daniel"]
[Result "1-0"]
[WhiteElo "2476"]
[BlackElo "2149"]
[PlyCount "63"]
[EventDate "2022.03.25"]
[EventType "swiss"]
[EventRounds "5"]
[EventCountry "IRL"]
[SourceTitle "CBM 207 Extra"]
[Source "ChessBase"]
[SourceDate "2022.05.31"]
[SourceVersion "1"]
[SourceVersionDate "2022.05.31"]
[SourceQuality "1"]

1. d4 g6 2. c4 Bg7 3. Nf3 Nf6 4. g3 0-0 5. Bg2 d6 6. 0-0 Nbd7 7. d5 a5 8. Be3 e5 9. dxe6 fxe6 10. Nc3 Qe7 11. Qd2 Ng4 12. Bg5 Qf7 13. h3 Nge5 14. Nxe5 Nxe5 15. b3 a4 16. Be3 Ra6 17. Rab1 axb3 18. axb3 Qe7 19. Kh2 Nf7 20. Ra1 Rxa1 21. Rxa1 Qf6 22. Rc1 Bd7 23. Nb5 Bxb5 24. cxb5 d5 25. Bc5 Rc8 26. e4 Bh6 27. Be3 Bxe3 28. fxe3 c6 29. bxc6 bxc6 30. exd5 exd5 31. b4 Nd6 32. Rxc6 1-0

[Event "Prague Autumn op 1st"]
[Site "Prague"]
[Date "2021.09.25"]
[Round "3"]
[White "Zevenhuizen, Daniel"]
[Black "Neuman, Petr"]
[Result "0-1"]
[WhiteElo "2112"]
[BlackElo "2384"]
[PlyCount "54"]
[EventDate "2021.09.24"]
[EventType "swiss"]
[EventRounds "5"]
[EventCountry "CZE"]
[SourceTitle "CBM 204 Extra"]
[Source "ChessBase"]
[SourceDate "2021.11.30"]
[SourceVersion "1"]
[SourceVersionDate "2021.11.30"]
[SourceQuality "1"]

1. Nf3 d5 2. c4 d4 3. b4 Bg4 4. Qb3 Bxf3 5. Qxf3 c6 6. Bb2 e5 7. Qb3 a5 8. a3 Nf6 9. e3 Qb6 10. c5 Bxc5 11. Bc4 axb4 12. Bxf7+ Kf8 13. a4 Qc7 14. Bc4 Nbd7 15. 0-0 Qd6 16. f4 exf4 17. exf4 Re8 18. Qf3 Nb6 19. Bb3 Nbd5 20. g3 h5 21. a5 Ba7 22. Qd3 h4 23. Bc4 hxg3 24. hxg3 Qe6 25. f5 Qg8 26. Bxd5 Qxd5 27. Qf3 d3+ 0-1

[Event "Vlissingen HZ op 21st"]
[Site "Vlissingen"]
[Date "2017.08.11"]
[Round "8"]
[White "Zevenhuizen, Daniel"]
[Black "Beukema, Jasper"]
[Result "1-0"]
[WhiteElo "2103"]
[BlackElo "2209"]
[PlyCount "87"]
[EventDate "2017.08.05"]
[EventType "swiss"]
[EventRounds "9"]
[EventCountry "NED"]
[SourceTitle "CBM 179 Extra"]
[Source "ChessBase"]
[SourceDate "2017.08.23"]
[SourceVersion "1"]
[SourceVersionDate "2017.08.23"]
[SourceQuality "1"]

1. e4 e5 2. Nf3 Nc6 3. Bb5 Nf6 4. Qe2 a6 5. Bxc6 dxc6 6. 0-0 Bg4 7. h3 Bh5 8. g4 Bg6 9. Nxe5 Qe7 10. Nxg6 hxg6 11. Kg2 0-0-0 12. d3 Nd7 13. Qf3 Ne5 14. Qg3 f6 15. f4 Nf7 16. Be3 Qd7 17. Nd2 g5 18. fxg5 Nxg5 19. Bxg5 fxg5 20. Nc4 Re8 21. Rf5 g6 22. Ne5 Qe6 23. Rxg5 Bd6 24. d4 Rhg8 25. Qb3 Qf6 26. Nf7 Qxd4 27. Nxd6+ cxd6 28. Qd3 Qxb2 29. Rf1 Qxa2 30. Rf6 Re6 31. e5 dxe5 32. Rgxg6 Rxf6 33. Rxf6 Re8 34. g5 e4 35. Qb3 Qa5 36. Qe3 Qe5 37. h4 Qb2 38. Qc5 Kb8 39. Rf8 Rxf8 40. Qxf8+ Ka7 41. Qc5+ Kb8 42. g6 Qf6 43. Qf2 Qg7 44. Qf7 1-0

[Event "Vlissingen HZ op 21st"]
[Site "Vlissingen"]
[Date "2017.08.06"]
[Round "3"]
[White "Admiraal, Miguoel"]
[Black "Zevenhuizen, Daniel"]
[Result "1-0"]
[WhiteElo "2447"]
[BlackElo "2103"]
[PlyCount "89"]
[EventDate "2017.08.05"]
[EventType "swiss"]
[EventRounds "9"]
[EventCountry "NED"]
[SourceTitle "CBM 179 Extra"]
[Source "ChessBase"]
[SourceDate "2017.08.23"]
[SourceVersion "1"]
[SourceVersionDate "2017.08.23"]
[SourceQuality "1"]

1. e4 d6 2. d4 Nf6 3. Nc3 g6 4. Be3 Bg7 5. h3 0-0 6. Qd2 e5 7. dxe5 dxe5 8. Bd3 Nc6 9. 0-0-0 a6 10. Nf3 b5 11. Kb1 Qe7 12. Bg5 Be6 13. Nd5 Bxd5 14. exd5 Nb4 15. Rhe1 Nbxd5 16. Nxe5 Qd6 17. Bh6 Bxh6 18. Qxh6 Rfe8 19. Ng4 Nxg4 20. hxg4 Qb4 21. Rh1 Nc3+ 22. Ka1 Nxd1 23. Qxh7+ Kf8 24. Qh6+ Ke7 25. Qh4+ Kd7 26. Rxd1 Re1 27. Bxb5+ Kc8 28. Qd8+ Kb7 29. Bc6+ Kxc6 30. Qxa8+ Kb6 31. Qb8+ Kc6 32. Qa8+ Kb6 33. Qd5 Qe4 34. Qd2 Rxd1+ 35. Qxd1 Qxg2 36. Qd4+ c5 37. Qf6+ Ka5 38. Qc3+ Kb6 39. Qf6+ Ka5 40. Qd8+ Kb5 41. Qb8+ Ka5 42. Qc7+ Kb5 43. a4+ Kb4 44. Qb6+ Kc4 45. Qxa6+ 1-0

[Event "NED-ch U21"]
[Site "Rotterdam"]
[Date "2015.05.05"]
[Round "5"]
[White "Zevenhuizen, Daniel"]
[Black "Van Meegen, Ruud"]
[Result "1-0"]
[WhiteElo "1959"]
[BlackElo "2151"]
[PlyCount "113"]
[EventDate "2015.05.02"]
[EventType "swiss"]
[EventRounds "9"]
[EventCountry "NED"]
[SourceTitle "EXT 2016"]
[Source "ChessBase"]
[SourceDate "2015.10.08"]
[SourceVersion "1"]
[SourceVersionDate "2015.10.08"]
[SourceQuality "1"]

1. c4 c5 2. g3 g6 3. Nf3 Bg7 4. d4 cxd4 5. Nxd4 Qb6 6. Nb5 a6 7. Qa4 Nc6 8. Be3 axb5 9. Qxa8 Qa5+ 10. Qxa5 Nxa5 11. Nd2 bxc4 12. Bb6 Bxb2 13. Rb1 Bc3 14. Rc1 Bb4 15. Bxa5 Bxa5 16. Rxc4 Kd8 17. Bg2 Nf6 18. e4 d6 19. e5 dxe5 20. 0-0 b5 21. Rc5 Bd7 22. Nf3 Bb6 23. Rxe5 e6 24. Re2 Ke7 25. Ne5 Rb8 26. Nxd7 Nxd7 27. Rb1 Bc5 28. Rd2 Bd6 29. Kh1 Rb6 30. Rdb2 b4 31. a3 bxa3 32. Rxb6 a2 33. R6b2 axb1Q+ 34. Rxb1 Nc5 35. f4 h5 36. Bc6 Kf6 37. Kg2 h4 38. Rd1 Ke7 39. Ra1 hxg3 40. Ra7+ Kf8 41. hxg3 Nb3 42. Rd7 Bc5 43. Be4 Nd4 44. Bd3 Nb3 45. Rb7 Nd4 46. g4 Be7 47. Kf2 Bc5 48. Ke3 Nb3+ 49. Kf3 Nd4+ 50. Ke4 Ke8 51. Bc4 Kf8 52. Rd7 Nc2 53. Bxe6 Be7 54. Bc4 Nb4 55. Rc7 Bd6 56. Rxf7+ Ke8 57. Rg7 1-0

[Event "NED-ch U21"]
[Site "Rotterdam"]
[Date "2015.05.03"]
[Round "2"]
[White "Gutkind, Kedem"]
[Black "Zevenhuizen, Daniel"]
[Result "1/2-1/2"]
[WhiteElo "2005"]
[BlackElo "1959"]
[PlyCount "48"]
[EventDate "2015.05.02"]
[EventType "swiss"]
[EventRounds "9"]
[EventCountry "NED"]
[SourceTitle "EXT 2016"]
[Source "ChessBase"]
[SourceDate "2015.10.08"]
[SourceVersion "1"]
[SourceVersionDate "2015.10.08"]
[SourceQuality "1"]

1. e4 d6 2. d4 Nf6 3. Nc3 g6 4. f4 Bg7 5. Nf3 c5 6. Bb5+ Bd7 7. e5 Ng4 8. Bxd7+ Nxd7 9. e6 Ndf6 10. exf7+ Kf8 11. Ng5 Qb6 12. dxc5 dxc5 13. Qe2 h6 14. Ne6+ Kxf7 15. Nxg7 h5 16. h3 Nh6 17. f5 Kxg7 18. fxg6 Nf5 19. Qe5 Kxg6 20. 0-0 e6 21. Be3 Nd7 22. Qf4 Nxe3 23. Qf7+ Kh6 24. Rf6+ Nxf6 1/2-1/2

[Event "NED-ch U21"]
[Site "Rotterdam"]
[Date "2015.05.02"]
[Round "1"]
[White "Zevenhuizen, Daniel"]
[Black "Maris, Ivo"]
[Result "1/2-1/2"]
[WhiteElo "1959"]
[BlackElo "2239"]
[PlyCount "69"]
[EventDate "2015.05.02"]
[EventType "swiss"]
[EventRounds "9"]
[EventCountry "NED"]
[SourceTitle "EXT 2016"]
[Source "ChessBase"]
[SourceDate "2015.10.08"]
[SourceVersion "1"]
[SourceVersionDate "2015.10.08"]
[SourceQuality "1"]

1. Nf3 e6 2. c4 f5 3. d4 Nf6 4. g3 b6 5. Bg2 Bb7 6. 0-0 Be7 7. Nc3 Ne4 8. Qb3 Nxc3 9. Qxc3 Bf6 10. h4 0-0 11. Bg5 d6 12. Rac1 Nd7 13. e3 Qe7 14. Rfd1 Be4 15. b4 a5 16. c5 Bxg5 17. Nxg5 Bxg2 18. cxd6 Qxd6 19. Kxg2 h6 20. d5 hxg5 21. dxe6 Qxe6 22. Qxc7 Nf6 23. hxg5 Ne4 24. Rd7 Rf7 25. Rxf7 Qxf7 26. Qc6 Rf8 27. g6 Qxa2 28. Rc2 Qb3 29. Rc4 a4 30. Qe6+ Kh8 31. Qe7 Kg8 32. Qe6+ Kh8 33. Qe7 Kg8 34. Qe6+ Kh8 35. Qe7 1/2-1/2

[Event "Spijkenisse op-A 3rd"]
[Site "Spijkenisse"]
[Date "2013.10.27"]
[Round "5"]
[White "Zevenhuizen, Daniel"]
[Black "De Freytas, Paul"]
[Result "1-0"]
[WhiteElo "1895"]
[BlackElo "1960"]
[PlyCount "71"]
[EventDate "2013.10.25"]
[EventType "swiss"]
[EventRounds "6"]
[EventCountry "NED"]
[SourceTitle "EXT 2014"]
[Source "ChessBase"]
[SourceDate "2013.11.20"]
[SourceVersion "1"]
[SourceVersionDate "2013.11.20"]
[SourceQuality "1"]

1. Nf3 f5 2. c4 e6 3. b3 Nf6 4. e3 Be7 5. Be2 b6 6. 0-0 Bb7 7. d4 0-0 8. Bb2 d6 9. Nc3 Ne4 10. Nd2 Nxc3 11. Bxc3 Nd7 12. Bf3 Bxf3 13. Qxf3 e5 14. dxe5 Nxe5 15. Qd5+ Kh8 16. f4 Ng4 17. h3 Nh6 18. Nf3 Bf6 19. Bxf6 Qxf6 20. Rae1 Rae8 21. Nd4 Re4 22. Re2 Rfe8 23. Rfe1 g6 24. Nb5 Qe7 25. Nxa7 Ng8 26. Nb5 Nf6 27. Qc6 Nh5 28. Nc3 Ng3 29. Nxe4 Nxe2+ 30. Rxe2 fxe4 31. Rd2 Rf8 32. Rd4 Qh4 33. Rxe4 Qe1+ 34. Kh2 Qb1 35. Re7 Rc8 36. Qd7 1-0

[Event "Spijkenisse op-A 3rd"]
[Site "Spijkenisse"]
[Date "2013.10.25"]
[Round "1"]
[White "Lahaye, Rick"]
[Black "Zevenhuizen, Daniel"]
[Result "1-0"]
[WhiteElo "2398"]
[BlackElo "1895"]
[PlyCount "35"]
[EventDate "2013.10.25"]
[EventType "swiss"]
[EventRounds "6"]
[EventCountry "NED"]
[SourceTitle "EXT 2014"]
[Source "ChessBase"]
[SourceDate "2013.11.20"]
[SourceVersion "1"]
[SourceVersionDate "2013.11.20"]
[SourceQuality "1"]

1. d4 Nf6 2. Nf3 g6 3. g3 Bg7 4. Bg2 0-0 5. c4 d6 6. Nc3 Nc6 7. d5 Nb8 8. Nd4 e6 9. 0-0 exd5 10. cxd5 a6 11. b3 Nbd7 12. Bb2 Re8 13. Rc1 Nf8 14. Qd3 Ng4 15. e4 g5 16. Nd1 Ne5 17. Qc2 Re7 18. Ne3 1-0

[Event "NED-ch U17"]
[Site "Haarlem"]
[Date "2012.05.06"]
[Round "9"]
[White "Zevenhuizen, Daniel"]
[Black "Vos, Tjark"]
[Result "0-1"]
[WhiteElo "1798"]
[BlackElo "2012"]
[PlyCount "70"]
[EventDate "2012.04.28"]
[EventType "swiss"]
[EventRounds "9"]
[EventCountry "NED"]
[SourceTitle "EXT 2013"]
[Source "ChessBase"]
[SourceDate "2012.11.22"]
[SourceVersion "1"]
[SourceVersionDate "2012.11.22"]
[SourceQuality "1"]

1. Nf3 c5 2. c4 Nf6 3. g3 g6 4. Bg2 Bg7 5. Nc3 0-0 6. 0-0 Nc6 7. d3 d6 8. Bg5 a6 9. Qd2 Re8 10. e4 Rb8 11. Nh4 b5 12. cxb5 axb5 13. Bh6 Bxh6 14. Qxh6 Nd4 15. h3 b4 16. Nd5 Nxd5 17. exd5 Nf5 18. Nxf5 Bxf5 19. Rad1 Ra8 20. g4 Bd7 21. f4 Kh8 22. f5 gxf5 23. Be4 Rg8 24. Bxf5 Bxf5 25. Rxf5 Rg7 26. d4 cxd4 27. Qd2 e5 28. dxe6 fxe6 29. Rb5 e5 30. Qxb4 Qh4 31. Rb8+ Rxb8 32. Qxb8+ Rg8 33. Qb3 h5 34. Rd3 hxg4 35. Rg3 Qxg3+ 0-1

[Event "NED-ch U17"]
[Site "Haarlem"]
[Date "2012.05.02"]
[Round "5"]
[White "Bekkink, Sereyo"]
[Black "Zevenhuizen, Daniel"]
[Result "1-0"]
[WhiteElo "1877"]
[BlackElo "1798"]
[PlyCount "43"]
[EventDate "2012.04.28"]
[EventType "swiss"]
[EventRounds "9"]
[EventCountry "NED"]
[SourceTitle "EXT 2013"]
[Source "ChessBase"]
[SourceDate "2012.11.22"]
[SourceVersion "1"]
[SourceVersionDate "2012.11.22"]
[SourceQuality "1"]

1. e4 d6 2. d4 Nf6 3. Nc3 g6 4. Be2 Bg7 5. g4 c6 6. g5 Nfd7 7. h4 Qb6 8. Nf3 c5 9. Nd5 Qd8 10. h5 gxh5 11. Nh4 Nf8 12. Bxh5 Be6 13. Nf5 Bxf5 14. exf5 cxd4 15. Bd2 d3 16. f6 exf6 17. gxf6 Bxf6 18. Qf3 Nbd7 19. Bg5 Bc3+ 20. bxc3 Qxg5 21. Qxf7+ Kd8 22. Qe8# 1-0

[Event "NED-ch U13"]
[Site "Rijswijk"]
[Date "2008.05.03"]
[Round "7"]
[White "Zevenhuizen, Daniel"]
[Black "Ducarmon, Renzo"]
[Result "0-1"]
[WhiteElo "1293"]
[BlackElo "1350"]
[PlyCount "50"]
[EventDate "2008.05.01"]
[EventType "swiss"]
[EventRounds "9"]
[EventCountry "NED"]
[SourceTitle "EXT 2010"]
[Source "ChessBase"]
[SourceDate "2010.11.25"]
[SourceVersion "1"]
[SourceVersionDate "2010.11.25"]
[SourceQuality "1"]

1. e4 c5 2. Nf3 d6 3. d4 cxd4 4. Nxd4 Nf6 5. Nc3 a6 6. Bd3 e5 7. Nf3 Be7 8. Be3 0-0 9. 0-0 Nbd7 10. Qe2 b5 11. a3 Bb7 12. Rfd1 Rc8 13. Qd2 Nb6 14. h3 Nc4 15. Qc1 Qc7 16. Nd2 Nxe3 17. fxe3 d5 18. exd5 Nxd5 19. Nxd5 Bxd5 20. Rf1 Bc5 21. Ne4 Bb6 22. Re1 Qc6 23. Nc3 Bxg2 24. Qd2 Bxh3 25. Qh2 Qe6 0-1